01198nam a2200253 a 450000100100000000500170001000800410002702000340006802000180010204000250012008200150014510000520016024500500021226000920026230000210035449000450037550000520042059000270047283000500049995201190054995201400066895201190080899900170092700004715520201002053413.0180417s2016 dr 000 0 spa d a9789945084757 (obra completa) a9789945084788 aDO-SdBNPbspacBNPHU axxxxbxxxx1 aClemente y EsperanzaqJesus Leyva Guerra97493813aLa gemarosa del amor /cClemente y Esperanza. a[Santo Domingo] :bY asociado JLGbLeyva, Jesús (Clemente y Esperanza),c2016.eMiami a239 p. ;c22 cm.1 aEl tesoro del amor del dorado amanecer ; aISBN tomado de la pagina de la Agencia de ISBN. aInventariado, 2018/ YL 0aEl tesoro del amor del dorado amanecer974939 0010718DSaGRbGRcCTd2018-04-17iLF1l0oxxxx xxxxp47155-30r2020-06-25te. 3w2020-06-25yLFDSZNo se presta 0010718PDaPDbPDcCTd2018-04-17iLF1l0oxxxx xxxxp47155-10r2020-06-25w2020-06-25yLFPDzAutografiado por el autorZNo se presta 0010718PDaPDbPDcCTd2018-04-17iLF1l0oxxxx xxxxp47155-20r2020-06-25te. 2w2020-06-25yLFPDZNo se presta c46643d46643